000 00408 a2200109 4500
001 ART_39660
005 20260410162012.0
008 260409a
245 1 0 _aPerspectiva estratégica para la reingeniería de la vinculación empresa-universidad
100 1 _aNarvaez, Jorge L.
773 0 _tPropuestas para la sociedad, el gobierno y la producción
_g- Año 5, Nº 9 (nov. 2001)
_wREV39547
999 _c32288
_d32288